00391nam a2200109Ia 4500008004100000082000800041100001800049245009600067942000600163952009700169999001500266240331s9999 xx 000 0 und d bCON aGamage, S. ed 0aConflict and community incontemporary SriLanka :bPearl of the East or the "Land of Tears"? cL 001040708LaWERCLbWERCLcSSCd2024-03-31l0o 303.6 CONp5559r2024-03-31w2024-03-31yL c1395d1395